Online
Catalog

Mensaje del excelentísimo señor Presidente de la República Generalísimo Rafael L. Trujillo Molina : (Record no. 30061)

MARC details
000 -CABECERA
campo de control de longitud fija 00708nam a2200157 a 4500
001 - NÚMERO DE CONTROL
campo de control 000030569
005 - FECHA Y HORA DE LA ÚLTIMA TRANSACCIÓN
campo de control 20200930062402.0
008 - DATOS DE LONGITUD FIJA--INFORMACIÓN GENERAL
campo de control de longitud fija 110524s1938 dr 000 0 spa d
040 ## - FUENTE DE LA CATALOGACIÓN
Centro catalogador/agencia de origen DO-SdBNP
Lengua de catalogación spa
Centro/agencia transcriptor BNPHU
082 ## - NÚMERO DE LA CLASIFICACIÓN DECIMAL DEWEY
Número de clasificación xxx
Número de documento/Ítem R426m
049 ## - FONDOS LOCALES (OCLC)
Fondos de biblioteca BNPD
110 1# - ENTRADA PRINCIPAL--NOMBRE DE ENTIDAD CORPORATIVA
Nombre de entidad corporativa o nombre de jurisdicción como elemento de entrada República Dominicana
Unidad subordinada Presidencia de la República
9 (RLIN) 17065
245 10 - MENCIÓN DE TÍTULO
Título Mensaje del excelentísimo señor Presidente de la República Generalísimo Rafael L. Trujillo Molina :
Resto del título benefactor de la patria, depositado ante el Congreso Nacional el 27 de febrero de 1938, dando cuenta de su admiración durante el año 1937.
260 ## - PUBLICACIÓN, DISTRIBUCIÓN, ETC.
Lugar de publicación, distribución, etc. Ciudad Trujillo, República Dominicana :
Nombre del editor, distribuidor, etc. Imp. Listín Diario,
Fecha de publicación, distribución, etc. 1938.
300 ## - DESCRIPCIÓN FÍSICA
Extensión 83 p. :
Otras características físicas retr. ;
Dimensiones 23 cm.
Holdings
Estado de retiro Estado de pérdida Restricciones de uso No para préstamo Código de colección Localización permanente Ubicación/localización actual Ubicación en estantería Fecha de adquisición Número de inventario Total de préstamos Signatura topográfica completa Código de barras Fecha visto por última vez Precio válido a partir de Tipo de ítem Koha
      Excluido de préstamo Raros y valiosos Patrimonio Dominicano Patrimonio Dominicano En catalogación 24.05.2011 LF1   xxx R426m 30569-10 25.06.2020 25.06.2020 No se presta

Powered by Koha